000 01752nam0a2200397 4500
001 RU\NLR\bibl\124723
005 20250617102400.0
020 _aRU
_b98-31873
_9Книжная летопись
021 _aRU
_b98-22953
_91083
035 _a(NLR Aleph) 000122155
090 _a695895
_c695895
100 _a20000410d1998 |||y0rusy50 ca
101 0 _arus
102 _aRU
105 _aa |||||||||
200 1 _aТехнология керамических материалов и изделий
_eУчеб. пособие
_fЕ. И. Лысенко, А. В. Козлов
_gРост. гос. строит. ун-т
210 _aРостов н/Д
_cРГСУ
_d1998
215 _a125 с.
_cил.
_d21
320 _aБиблиогр.: с. 124 (31 назв.)
606 0 _aКерамические производства
_jРуководства, пособия и т.п. для высшей школы
_9953941
_3RU\NLR\auth\6636263
606 0 _aКерамические производства
_jУчебные издания для высшей школы
_9953941
_3RU\NLR\auth\6636263
610 0 _aКерамическое производство
675 _a666.3/.7(075.8)
_v3
_zrus
686 _a61.35
_2rugasnti
686 _a35.41
_2rubbk
686 _aЛ42я73-1
700 1 _aЛысенко
_gЕвгений Ильич
_4070
701 1 _4070
_aКозлов
_bА. В.
_cканд. техн. наук, строит. материалы
_f1960-
_gАлександр Владимирович
_9245807
_3RU\NLR\AUTH\770245863
801 0 _aRU
_bRKP
_c20000410
_gPSBO
801 1 _aRU
_bRKP
_c20000410
801 2 _aRU
_bNLR
_c20020520
_grcr
852 _aNLR
_j98-3/6736
942 _cBOOK
980 _aNB